Statistics for Majority Muslim countries except Arab or African countries

Click here to take the quiz!

General Stats

  • This quiz has been taken 126 times
    (125 since last reset)
  • The average score is 16 of 18

Answer Stats

Answer% Correct
Albania
95%
Indonesia
95%
Pakistan
93%
Tajikistan
93%
Kosovo
92%
Malaysia
92%
Turkmenistan
92%
Afghanistan
91%
Kazakhstan
91%
Iran
90%
Kyrgyzstan
90%
Bangladesh
88%
Turkey
88%
Uzbekistan
87%
Bosnia-Herzegovina
86%
Azerbaijan
83%
Brunei
78%
Maldives
72%

Score Distribution

Percentile by Number Answered

Percent of People with Each Score

Your Score History

You have not taken this quiz since the last reset